|
|
|
|
| LEADER |
00000nlm0a2200000 4500 |
| 001 |
158032 |
| 005 |
20240820092922.0 |
| 035 |
|
|
|a (RuTPU)RU\TPU\book\171411
|
| 035 |
|
|
|a RU\TPU\book\171341
|
| 090 |
|
|
|a 158032
|
| 100 |
|
|
|a 20090416d1914 km y0rusy50 ca
|
| 101 |
0 |
|
|a rus
|
| 102 |
|
|
|a RU
|
| 105 |
|
|
|a c z 001zy
|
| 135 |
|
|
|a vrcn ---uucaa
|
| 181 |
|
0 |
|a i
|
| 182 |
|
0 |
|a b
|
| 200 |
1 |
|
|a Отцы и дети судебной реформы
|b Электронный ресурс
|f А. Ф. Кони
|
| 203 |
|
|
|a Текст
|c электронный
|
| 210 |
|
|
|a Москва
|c Типография Т-ва И.Д. Сытина
|d 1914
|
| 230 |
|
|
|a 1 компьютерный файл (pdf; 93098 KB)
|
| 300 |
|
|
|a Заглавие с титульного экрана
|
| 300 |
|
|
|a Электронная версия печатной публикации
|
| 337 |
|
|
|a Adobe Reader
|
| 600 |
|
1 |
|a Зарудный
|b С. И.
|c российский ученый-юрист
|c специалист по гражданскому праву и процессу, сенатор (с 1869)
|f 1821-1887
|g Сергей Иванович
|2 stltpush
|3 (RuTPU)RU\TPU\pers\23964
|9 10583
|
| 600 |
|
1 |
|a Стояновский
|b Н. И.
|c юрист
|c государственный деятель
|f 1820-1900
|g Николай Иванович
|2 stltpush
|3 (RuTPU)RU\TPU\pers\23965
|
| 600 |
|
1 |
|a Замятин
|b Д. И.
|c российский государственный деятель
|c был герольдмейстером, обер-прокурором, с 1852 г. сенатором. В 1858 г. был назначен товарищем министра юстиции (графа В. Н. Панина), в 1862 г. — министром юстиции. Один из наиболее активных деятелей судебной реформы Александра II
|f 1805-1881
|g Дмитрий Николаевич
|2 stltpush
|3 (RuTPU)RU\TPU\pers\23966
|
| 600 |
|
1 |
|a Буцковский
|b Н. А.
|c тайный советник, сенатор, один из деятелей судебной реформы
|f 1811 - 1873
|g Николай Андреевич
|2 stltpush
|3 (RuTPU)RU\TPU\pers\23967
|9 10586
|
| 600 |
|
1 |
|a Ковалевский
|b М. Е.
|c судебный деятель
|c член Государственного Совета
|f 1830-1884
|g Михаил Евграфович
|2 stltpush
|3 (RuTPU)RU\TPU\pers\23968
|9 10587
|
| 600 |
|
1 |
|a Набоков
|b Д. Н.
|c российский государственный деятель, юрист
|f 1826-1904
|g Дмитрий Николаевич
|7 ca
|8 rus
|2 stltpush
|3 (RuTPU)RU\TPU\pers\13369
|9 4024
|
| 600 |
|
1 |
|a Арцимович
|b В. А.
|c российский государственный деятель
|c с 1858 калужский губернатор
|f 1820-1893
|g Виктор Антонович
|2 stltpush
|3 (RuTPU)RU\TPU\pers\23969
|9 10588
|
| 600 |
|
1 |
|a Мотовилов
|b Г. Н.
|c известный судебный деятель
|c российский юрист, участник подготовки и проведения судебной реформы 1864
|f 1834-1880
|g Георгий Николаевич
|2 stltpush
|3 (RuTPU)RU\TPU\pers\23970
|9 10589
|
| 600 |
|
1 |
|a Шамшин
|b И. И.
|c 1862—1863 г.г. был участником петербургской организации общ-ва "Земля и Воля"
|c был членом Верховной распорядительной комиссии, председателем санкт-петербургского окружного суда, сенатором, членом Государственного совета
|f 1836-1912
|g Иван Иванович
|2 stltpush
|3 (RuTPU)RU\TPU\pers\23971
|9 10590
|
| 600 |
|
1 |
|a Мясоедов
|b Н. Н.
|c юрист и судебный деятель
|c один из лучших представителей судебного мира России, идеал судьи - не формалиста, из-за дела, не забывающего человека, примиряющего законы с жизнью, мягко и любовно относящегося к людям
|f 1839-1908
|g Николай Николаевич
|2 stltpush
|3 (RuTPU)RU\TPU\pers\23972
|9 10591
|
| 600 |
|
1 |
|a Бобрищев-Пушкин
|b А. М.
|c писатель и судебный деятель
|f 1851—1903
|g Александр Михайлович
|2 stltpush
|3 (RuTPU)RU\TPU\pers\23973
|9 10592
|
| 600 |
|
1 |
|a Губский
|b М. Ф.
|c обер-прокурор уголовного кассационного департамента Сената
|f 1850-1901
|g Михаил Федорович
|2 stltpush
|3 (RuTPU)RU\TPU\pers\23974
|9 10593
|
| 600 |
|
1 |
|a Марков
|b А. А.
|c судебный деятель и писатель
|f 1850-1894
|g Алексей Алексеевич
|2 stltpush
|3 (RuTPU)RU\TPU\pers\23975
|9 10594
|
| 600 |
|
1 |
|a Спасович
|b В. Д.
|c российский юрист
|f 1829-1906
|g Владимир Данилович
|2 stltpush
|3 (RuTPU)RU\TPU\pers\18794
|9 7044
|
| 600 |
|
1 |
|a Арсеньев
|b К. К.
|c российский публицист и общественный деятель
|c почетный академик Петербургской АН (1901)
|f 1837-1919
|g Константин Константинович
|2 stltpush
|3 (RuTPU)RU\TPU\pers\14370
|9 4751
|
| 600 |
|
1 |
|a Боровиковский
|b А. Л.
|c сын малорусского писателя Льва Боровиковского
|c в 70-х годах был присяжным поверенным в Петербурге, членом Одесской судебной палаты и доцентом уголовного судопроизводства в Новороссийском университете
|f 1844 - 1905
|g Александр Львович
|2 stltpush
|3 (RuTPU)RU\TPU\pers\23976
|9 10595
|
| 600 |
|
1 |
|a Морошкин
|b С. Ф.
|c выдающийся присяжный поверенный округа Харьковской судебной палаты
|c председатель совета
|f 1844-1900
|g Сергей Федорович
|2 stltpush
|3 (RuTPU)RU\TPU\pers\23977
|9 10596
|
| 600 |
|
1 |
|a Есипович
|b Я. Г.
|c государственный деятель
|f 1822-1906
|g Яков Григорьевич
|2 stltpush
|3 (RuTPU)RU\TPU\pers\23978
|9 10597
|
| 606 |
1 |
|
|a Суд
|y Россия
|2 stltpush
|3 (RuTPU)RU\TPU\subj\58003
|
| 610 |
1 |
|
|a суд
|
| 610 |
1 |
|
|a портреты
|
| 610 |
1 |
|
|a электронный ресурс
|
| 686 |
|
|
|a Х629.0
|v LBC/SL-A
|2 rubbk
|
| 700 |
|
1 |
|a Кони
|b А. Ф.
|c русский юрист, общественный деятель и литератор
|c член Государственного Совета
|c почетный академик Петербургской АН (1900)
|c судебный оратор
|c профессор Петроградского университета (1918-22)
|f 1844-1927
|g Анатолий Федорович
|2 stltpush
|3 (RuTPU)RU\TPU\pers\17122
|9 6261
|
| 801 |
|
1 |
|a RU
|b 63413507
|c 20090416
|g PSBO
|
| 801 |
|
2 |
|a RU
|b 63413507
|c 20090522
|g PSBO
|
| 856 |
4 |
|
|u http://www.lib.tpu.ru/fulltext/m/2009/consultant/koni2.pdf
|
| 942 |
|
|
|c CF
|